Las etapas del capitalismo y la teoría económica / (Registro nro. 4786)

Detalles MARC
000 -LEADER
fixed length control field 00966nam a2200277Ia 4500
003 - CONTROL NUMBER IDENTIFIER
control field OSt
005 - DATE AND TIME OF LATEST TRANSACTION
control field 20200609175037.0
008 - FIXED-LENGTH DATA ELEMENTS--GENERAL INFORMATION
fixed length control field 191128s1988 mx gr 000 0 spa d
020 ## - INTERNATIONAL STANDARD BOOK NUMBER
International Standard Book Number 968162811X
040 ## - CATALOGING SOURCE
Original cataloging agency CO-JMCR
Transcribing agency CO-JMCR
041 1# - LANGUAGE CODE
Language code of text/sound track or separate title spa
Language code of original eng
082 04 - DEWEY DECIMAL CLASSIFICATION NUMBER
Classification number 330 .122 /
Item number D173e
Edition number 23
100 1# - MAIN ENTRY--PERSONAL NAME
Personal name Dasgupta, Amiya K.,
Relator term autor
9 (RLIN) 5298
245 14 - TITLE STATEMENT
Title Las etapas del capitalismo y la teoría económica /
Statement of responsibility, etc. Amiya K. Dasgupta ; traducción de Eduardo L. Suárez
250 ## - EDITION STATEMENT
Edition statement Primera edición
260 ## - PUBLICATION, DISTRIBUTION, ETC.
Place of publication, distribution, etc. México :
Name of publisher, distributor, etc. Fondo de Cultura Económica,
Date of publication, distribution, etc. 1988
300 ## - PHYSICAL DESCRIPTION
Extent 196 páginas ;
Dimensions 21 cm.
490 0# - SERIES STATEMENT
Series statement Economía contemporánea
505 ## - FORMATTED CONTENTS NOTE
Formatted contents note La teoría -- El conflicto -- La planeación
534 ## - ORIGINAL VERSION NOTE
Introductory phrase Phases of capitalism and economic theory and other essays
546 ## - LANGUAGE NOTE
Language note Traducido del inglés
650 14 - SUBJECT ADDED ENTRY--TOPICAL TERM
Topical term or geographic name entry element Capitalismo
General subdivision Economía
9 (RLIN) 5299
650 14 - SUBJECT ADDED ENTRY--TOPICAL TERM
Topical term or geographic name entry element Teoría económica
9 (RLIN) 5300
700 1# - ADDED ENTRY--PERSONAL NAME
Personal name Suárez, Eduardo L.,
Relator term traductor
9 (RLIN) 4465
942 ## - ADDED ENTRY ELEMENTS (KOHA)
Source of classification or shelving scheme Dewey Decimal Classification
Koha item type Books
Existencias
Withdrawn status Lost status Source of classification or shelving scheme Materials specified (bound volume or other part) Damaged status Not for loan Home library Current library Shelving location Date acquired Source of acquisition Cost, normal purchase price Total Checkouts Full call number Barcode Date last seen Date last checked out Copy number Price effective from Koha item type
    Dewey Decimal Classification Donación--15/04/2018--     Biblioteca Pública José María del Castillo y Rada Biblioteca Pública José María del Castillo y Rada General Stacks 11/28/2019 Donación 0.00 1 330.122 / D173e 430000391 04/23/2026 04/23/2026 Ej.1 11/28/2019 Books